000
00278nam a2200097Ia 4500
008
220204s9999 xx 000 0 und d
082
_a
681.2
_b
AND
245
0
_a
Applied instrumentation in the process of industries: A survey. 3 V
260
_a
Houston
_b
Gulf Pub
_c
1974
942
_c
BK
999
_c
31941
_d
31941